Gramofon. Film. Typewriter /
Uložené v:
| Hlavný autor: | |
|---|---|
| Ďalší autori: | |
| Médium: | Kniha |
| Jazyk: | Czech German |
| Vydané: |
Praha :
Univerzita Karlova v Praze, Nakladatelství Karolinum,
2017.
|
| Vydanie: | První české vydání |
| Edícia: | Limes (Karolinum)
|
| Témy: | |
| ISBN: |
9788024632049 (brož.) |
| Fyzický popis: |
386 strán, 16 nečíslovaných strán obrazových príloh : faksimilie, fotografie, ilustrácie ; 21 cm. |
| Tagy: |
Pridať tag
Žiadne tagy, Buďte prvý kto otaguje tento záznam!
|
Titul je dostupný aj v ... 

MARC
| LEADER | 00000nam a2200000 i 4500 | ||
|---|---|---|---|
| 001 | 000573321 | ||
| 005 | 20180424105858.0 | ||
| 008 | 180205s2017 xr aho e 000 0 cze d | ||
| 020 | |a 9788024632049 (brož.) | ||
| 040 | |a SVKKK |b slo |c SVKKK |e AACR2 | ||
| 041 | 1 | |a cze |h ger | |
| 044 | |a xr |c CZ | ||
| 072 | 7 | |a 316.4/.7 |x Sociálne interakcie |2 konspekt | |
| 072 | 7 | |a 621.39 |x Oznamovacia technika |2 konspekt | |
| 080 | |a 316.774 |2 2011 | ||
| 080 | |a 621.39+004.7 |2 2011 | ||
| 080 | |a 316.77(091) |2 2011 | ||
| 080 | |a (048.8) |2 2011 | ||
| 100 | 1 | |a Kittler, Friedrich A., |d 1943-2011 |4 aut | |
| 240 | 1 | 0 | |a Grammophon. Film. Typewriter. |l Česky |
| 245 | 1 | 0 | |a Gramofon. Film. Typewriter / |c Friedrich Kittler ; [z německého originálu přeložil Tomáš Chudý]. |
| 246 | 3 | 3 | |a Film |
| 246 | 3 | 3 | |a Typewriter |
| 250 | |a První české vydání | ||
| 260 | |a Praha : |b Univerzita Karlova v Praze, Nakladatelství Karolinum, |c 2017. | ||
| 300 | |a 386 strán, 16 nečíslovaných strán obrazových príloh : |b faksimilie, fotografie, ilustrácie ; |c 21 cm. | ||
| 490 | 1 | |a Limes | |
| 500 | |a Preložené z nemčiny | ||
| 504 | |a Bibliografické odkazy; bibliografia: s. [363]-383 | ||
| 648 | 7 | |a 19.-20. stor. |2 SVKKKPH | |
| 650 | 0 | 7 | |a masmédiá |2 SVKKKPH |
| 650 | 0 | 7 | |a komunikačné technológie |2 SVKKKPH |
| 650 | 0 | 7 | |a dejiny komunikácie |2 SVKKKPH |
| 650 | 0 | 7 | |a mediálna politika |2 SVKKKPH |
| 655 | 7 | |a štúdie |2 SVKKKPH | |
| 700 | 1 | |a Chudý, Tomáš |4 trl | |
| 830 | 0 | |a Limes (Karolinum) | |
| 910 | |a svkkk | ||
| 919 | |a 978-80-246-3204-9 | ||
| 998 | |a BK | ||
| 090 | |g SCKHL |k Sklad Hlavná 10 prízemie |a III.242101 |j 1087357 |i 2720522353 |s Absenčne | ||